| 000 | 00604nam a2200217 a 4500 | ||
|---|---|---|---|
| 005 | 20230615063547.0 | ||
| 008 | 030312s1997 mx r 000 0 spa d | ||
| 020 | _a9507246649 | ||
| 035 | _aUPN01000122852 | ||
| 049 | _aCG | ||
| 050 | 4 |
_aHM131 _bD3.4 1997 |
|
| 100 | 1 | _aDavid, José | |
| 245 | 1 | 0 |
_aJuegos creativos para la vida moderna / _cJosé David. |
| 250 | _a4a ed. | ||
| 260 |
_aBuenos Aires : _bLumen : _bHumanitas, _c1997. |
||
| 300 | _a284 p. | ||
| 650 | 4 |
_aDinámica de grupos _96712 |
|
| 650 | 4 |
_aGRUPOS SOCIALES - _xTRABAJO _916589 |
|
| 650 | 4 |
_aJUEGOS EN GRUPOS _96711 |
|
| 905 | _aLibro | ||
| 999 |
_c95035 _d95035 |
||